000
00317nam a22001337a 4500
008
181106b xxu||||| |||| 00| 0 eng d
020
_a
9780070581029
041
_a
eng
080
_a
336
100
_a
52
101
_a
MAN
245
_a
Itefrated Processs Mnagement A quality Model
_c
Slater.S
942
_2
udc
_c
BK
999
_c
51972
_d
51972